Effectif du PSG 2024/2025 - Statistiques

Statistiques générales
  • Ce quiz a été pris 216 fois
  • Le résultat moyen est 21 sur 26
Statistiques - réponses
Numéro Joueur Pays Poste % Correct
2 Achraf Hakimi Maroc Défenseur
99%
10 Ousmane Dembélé France Attaquant
99%
1 Gianluigi Donnarumma Italie Gardien de but
98%
5 Marquinhos Brésil Défenseur
97%
29 Bradley Barcola France Attaquant
95%
14 Désiré Doué France Attaquant
93%
19 Kang-In Lee Corée du Sud Milieu / Attaquant
93%
8 Fabian Ruiz Espagne Milieu
92%
7 Khvicha Kvaratskhelia Géorgie Attaquant
91%
17 Vitinha Portugal Milieu
91%
9 Gonçalo Ramos Portugal Attaquant
90%
87 Joao Néves Portugal Milieu
88%
25 Nuno Mendes Portugal Défenseur
88%
51 Willian Pacho Equateur Défenseur
88%
21 Lucas Hernandez France Défenseur
83%
3 Presnel Kimpembe France Défenseur
83%
39 Matvey Safonov Russie Gardien de but
82%
33 Warren Zaïre-Emery France Milieu
80%
35 Lucas Beraldo Brésil Défenseur
73%
24 Senny Mayulu France Milieu
70%
80 Arnau Tenas Espagne Gardien de but
69%
37 Milan Skriniar Slovaquie Défenseur
67%
11 Marco Asensio Espagne Attaquant
60%
23 Randal Kolo-Muani France Attaquant
53%
49 Ibrahim Mbaye France Attaquant
50%
42 Yoram Zague France Défenseur
41%
Aucun quiz correspondant
Distribution des résultats
% des personnes avec chaque résultat
Percentile par nombre de réponses
Votre historique - résultats
Vous n’avez pas pris ce quiz